000 01348cam a2200421 a 4500
001 14989303
003 OSt
005 20140310182823.0
008 070831s2008 cauab b 001 0 eng
010 _a 2007036288
020 _a9780321545930
035 _a(OCoLC)ocn168721764
035 _a(OCoLC)168721764
_z(OCoLC)154782936
040 _aDLC
_cDLC
_dYDX
_dBTCTA
_dBAKER
_dYDXCP
_dDLC
050 0 0 _aQ 158.5
_b.H611 2008
100 1 _aHewitt, Paul G.
245 1 0 _aConceptual Physical Science
_cHewitt, Paul G.
250 _a2nd
260 _aAmerica
_bAddison Wesley Longman Inc.
_cc2000
300 _a781 p. :
_c25 cm.
_bcol. ill. ;
504 _aIncludes bibliographical references and index.
526 _c1210L -1700L
562 _efor circulation. 6 copies available in the collection
650 0 _aPhysical sciences.
700 1 _aSuchocki, John.
700 1 _aHewitt, Leslie A.
856 4 1 _3Table of contents only
_uhttp://www.loc.gov/catdir/toc/ecip0726/2007036288.html
906 _a7
_bcbc
_corignew
_d1
_eecip
_f20
_gy-gencatlg
942 _2lcc
_cBK
_kFOR
999 _c16439
_d16439